000 00716nam a2200265Ia 4500
005 20260302114041.0
008 008 260114s9999 xx 000 0 eng d
020 _a9781978747753
037 _aTextbook
040 _aCRL
040 _beng
040 _cCRL
041 _2eng
041 _aeng
084 _qCRL
100 _aJan Almäng
_91117610
245 0 _aInternalism and the Limits of Twin Earth Scenarios A Study of Phenomenal Intentionalism
260 _bBloomsbury
260 _bLexington Books
260 _c2025
650 _aPhilosophy
856 _uhttps://doi.org/10.5040/9781978747753?locatt=label:secondary_bloomsburyCollections
942 _cEBOOK
999 _c1681166
_d1681166